000 01333nam a2200373 a 4500
999 _c325731
_d325731
003 BLK
005 20250123162552.0
008 180411b bul|||||r ||||||| ||bul||
010 _aKNG00210530000
020 _a9786190202660
040 _aBLK
041 _aBUL
_cBUL
072 7 _2bullib
_aН83
_xЧужда художествена литература Н
080 _aИталианска литература
_b821.131.1
_x-31
_z821.131.1-31
100 1 _aФеранте, Елена
_eпърви автор
_9133695
139 _aФеранте, Елена
_bФ 40
245 1 0 _aТази, която си отива,тази, която остава
_bРоман
_cЕлена Феранте; прев. от итал. Мария Добрева.
257 _aITA
260 _bКолибри
_c2018
_fСофия : Инвестпрес
_aСофия
300 _a463 с.
_c20 см
380 _aX
490 1 _aСъвременна европейска проза
659 _aН
700 _aДобрева, Мария Иванова
_eпрев. от итал.
_91071
852 _aЦб 294658
856 4 _qpdf
856 4 _qpdf
942 _cKNG
_n0
_0100
_s1
944 _aED
_c2019-05-08
_k30576
_lЦветомила Тодорова
999 _d325731
999 _d325731
999 _d325731
999 _d325731